[Event "Reykjavik Open 2010"]
[Site "Reykjavik City Hall"]
[Date "2010.03.02"]
[Round "8.21"]
[White "Player, Edmund C"]
[Black "Gislason, Gudmundur"]
[Result "1-0"]
[WhiteElo "2156"]
[BlackElo "2382"]
[PlyCount "73"]
[EventDate "2010.02.24"]

1. e4 c5 2. Nc3 d6 3. f4 Nc6 4. Nf3 g6 5. Bc4 Bg7 6. O-O e6 7. d3 Nge7 8. Qe1
Nd4 9. Nxd4 cxd4 10. Ne2 O-O 11. Bb3 b5 12. Kh1 a5 13. a4 Bd7 14. axb5 Bxb5 15.
f5 exf5 16. Bg5 Kh8 17. exf5 f6 18. Nxd4 fxg5 19. Ne6 Qd7 20. Nxg7 Kxg7 21. f6+
Rxf6 22. Rxf6 Kxf6 23. Qc3+ Kf5 24. Qd4 g4 25. Qe4+ Kg5 26. Qxa8 Nf5 27. Qxa5
g3 28. h3 Bc6 29. Bd5 Qb7 30. Bxc6 Qxc6 31. Qd2+ Kf6 32. Qc3+ Qxc3 33. bxc3 Ke5
34. Ra4 d5 35. c4 Ne3 36. Ra5 Kd4 37. cxd5 1-0

[Event "Reykjavik Open 2010"]
[Site "Reykjavik City Hall"]
[Date "2010.03.02"]
[Round "8.22"]
[White "Ansell, Simon T"]
[Black "Halldorsson, Gudmundur"]
[Result "1-0"]
[WhiteElo "2381"]
[BlackElo "2197"]
[PlyCount "137"]
[EventDate "2010.02.24"]

1. e4 e6 2. d3 d5 3. Nd2 Nf6 4. Ngf3 b6 5. c3 c5 6. Qa4+ Bd7 7. Qc2 Nc6 8. Be2
Bd6 9. O-O O-O 10. Re1 Ng4 11. Nf1 Qf6 12. h3 Nge5 13. Nxe5 Bxe5 14. Ne3 dxe4
15. dxe4 Qh4 16. Bf1 Rad8 17. a4 f5 18. Nc4 f4 19. Nd2 Bc7 20. Nf3 Qf6 21. a5
Ne5 22. Be2 Nxf3+ 23. Bxf3 b5 24. e5 Bxe5 25. Qe4 Bb8 26. a6 c4 27. Qc2 Be8 28.
Be4 Bg6 29. Bxg6 hxg6 30. Qe4 Rd6 31. b3 Qxc3 32. Bxf4 Rb6 33. Be3 Bc7 34. bxc4
Qxc4 35. Qxc4 bxc4 36. Bxb6 Bxb6 37. Ra2 Kf7 38. Rc1 Rc8 39. Rac2 Rc5 40. Rxc4
Ra5 41. R1c3 Rxa6 42. Rf3+ Ke7 43. g3 e5 44. Kg2 Bd8 45. Re3 Kf6 46. Rd3 Ke7
47. Rd5 Re6 48. Re4 Bc7 49. Rc5 Bb8 50. Rb5 Rb6 51. Rxb6 axb6 52. Rg4 Kf7 53.
Rb4 Bc7 54. Kf3 Ke6 55. Ke4 Kd6 56. Rb2 Kc6 57. Rc2+ Kd6 58. h4 b5 59. f3 Bb6
60. g4 b4 61. h5 Bd4 62. hxg6 b3 63. Rc8 b2 64. Rb8 Bc3 65. Kd3 Bd4 66. Kc2 e4
67. Rd8+ Kc5 68. fxe4 Bf6 69. Rd5+ 1-0

[Event "Reykjavik Open 2010"]
[Site "Reykjavik City Hall"]
[Date "2010.03.02"]
[Round "8.23"]
[White "Johannsson, Orn Leo"]
[Black "Gretarsson, Hjorvar Steinn"]
[Result "0-1"]
[WhiteElo "1710"]
[BlackElo "2358"]
[PlyCount "76"]
[EventDate "2010.02.24"]

1. d4 Nf6 2. Bf4 c5 3. e3 e6 4. c3 b6 5. Nf3 Bb7 6. Nbd2 Be7 7. Bd3 d6 8. O-O
Nh5 9. Bg3 Nxg3 10. fxg3 Nd7 11. Qe2 Qc7 12. Ba6 Bxa6 13. Qxa6 O-O 14. Qd3 Rac8
15. Rae1 h6 16. c4 Bf6 17. b3 Rfe8 18. Ne4 Be7 19. d5 exd5 20. Qxd5 Nf6 21.
Nxf6+ Bxf6 22. Re2 Re6 23. e4 Rce8 24. Rd1 Qe7 25. Qd3 g5 26. g4 h5 27. gxh5 g4
28. Nd2 Bd4+ 29. Kh1 Qg5 30. Nf1 f5 31. Ng3 f4 32. Nf5 Qxf5 33. exf5 Rxe2 34.
Qb1 Bf2 35. g3 f3 36. h3 Bxg3 37. hxg4 Rh2+ 38. Kg1 Ree2 0-1

[Event "Reykjavik Open 2010"]
[Site "Reykjavik City Hall"]
[Date "2010.03.02"]
[Round "8.24"]
[White "Tozer, Philip"]
[Black "Lagerman, Robert"]
[Result "0-1"]
[WhiteElo "2119"]
[BlackElo "2347"]
[PlyCount "114"]
[EventDate "2010.02.24"]

1. c4 c5 2. g3 g6 3. Nc3 Bg7 4. Bg2 Nc6 5. a3 d6 6. Nf3 a5 7. O-O e5 8. d3 Nge7
9. Bg5 f6 10. Be3 O-O 11. Ne1 Be6 12. Rb1 Rb8 13. Nc2 Nd4 14. b4 axb4 15. axb4
b6 16. Na3 Qd7 17. bxc5 bxc5 18. Nab5 Rfc8 19. Bxd4 cxd4 20. Ne4 d5 21. Ned6
Rc6 22. cxd5 Nxd5 23. Nc4 Ra6 24. Nbd6 Rxb1 25. Qxb1 Rxd6 26. Qb8+ Bf8 27. Nxd6
Qxd6 28. Qxd6 Bxd6 29. Bxd5 Bxd5 30. Ra1 Kf7 31. f3 h5 32. h3 f5 33. Kf2 e4 34.
fxe4 fxe4 35. dxe4 Bxe4 36. e3 dxe3+ 37. Kxe3 Bf5 38. g4 hxg4 39. hxg4 Bxg4 40.
Ra4 Bd7 41. Ra6 Ke7 42. Kf2 Bf5 43. Ra8 g5 44. Rg8 Kf6 45. Kg2 Be6 46. Rd8 Bc7
47. Rd3 Kf5 48. Ra3 g4 49. Rd3 Kf4 50. Kf2 Bf5 51. Rd4+ Be4 52. Rd7 Bb6+ 53.
Ke1 g3 54. Rg7 g2 55. Rxg2 Bxg2 56. Kd2 Ke4 57. Kc3 Bf1 0-1

[Event "Reykjavik Open 2010"]
[Site "Reykjavik City Hall"]
[Date "2010.03.02"]
[Round "8.25"]
[White "Kogan, Artur"]
[Black "Ocantos, Manuel"]
[Result "1-0"]
[WhiteElo "2524"]
[BlackElo "2158"]
[PlyCount "55"]
[EventDate "2010.02.24"]

1. e4 c5 2. Nf3 d6 3. d4 cxd4 4. Nxd4 Nf6 5. Nc3 g6 6. h4 Nc6 7. Be2 Nxd4 8.
Qxd4 Bg7 9. Be3 O-O 10. Qd2 b5 11. Bh6 b4 12. Bxg7 bxc3 13. Qh6 cxb2 14. Rd1
Rb8 15. O-O Nxe4 16. Bc4 Nf6 17. Bxf8 Qxf8 18. Qe3 Bf5 19. Bb3 a5 20. a4 d5 21.
Qe5 Rxb3 22. cxb3 b1=Q 23. Rxb1 Bxb1 24. Rxb1 Qd8 25. b4 axb4 26. Rxb4 Kg7 27.
Rb7 e6 28. Qxe6 1-0

[Event "Reykjavik Open 2010"]
[Site "Reykjavik City Hall"]
[Date "2010.03.02"]
[Round "8.26"]
[White "Thompson, Ian D"]
[Black "Thorfinnsson, Bjorn"]
[Result "0-1"]
[WhiteElo "2266"]
[BlackElo "2383"]
[PlyCount "66"]
[EventDate "2010.02.24"]

1. Nf3 Nf6 2. g3 b6 3. Bg2 Bb7 4. c4 c5 5. Nc3 g6 6. O-O Bg7 7. d4 cxd4 8. Qxd4
d6 9. Rd1 Nbd7 10. b3 Rc8 11. Bb2 O-O 12. Qd2 a6 13. Rac1 b5 14. cxb5 axb5 15.
Nd4 Bxg2 16. Kxg2 b4 17. Na4 Qa5 18. Rxc8 Rxc8 19. Rc1 Nc5 20. Rc4 Qa8+ 21. f3
Nxa4 22. Rxc8+ Qxc8 23. bxa4 Nd5 24. e4 Nc3 25. Nb3 Qc4 26. a5 Nxa2 27. Bxg7
Qxb3 28. Ba1 Qa3 29. Qd5 Nc3 30. Bxc3 bxc3 31. Qa8+ Kg7 32. Qc6 Qb2+ 33. Kh3 c2
0-1

[Event "Reykjavik Open 2010"]
[Site "Reykjavik City Hall"]
[Date "2010.03.02"]
[Round "8.27"]
[White "Sareen, Vishal"]
[Black "Johannesson, Ingvar Thor"]
[Result "1/2-1/2"]
[WhiteElo "2364"]
[BlackElo "2330"]
[PlyCount "37"]
[EventDate "2010.02.24"]

1. e4 e6 2. d4 d5 3. Nd2 c5 4. Ngf3 cxd4 5. exd5 Qxd5 6. Bc4 Qd6 7. O-O Nf6 8.
Nb3 Nc6 9. Nbxd4 Nxd4 10. Nxd4 Qc7 11. b3 a6 12. Bb2 Bd6 13. Nf3 b5 14. Bd3 Bb7
15. Re1 O-O 16. Ne5 Rad8 17. Qe2 Bb4 18. Ng4 Qf4 19. Nxf6+ 1/2-1/2

[Event "Reykjavik Open 2010"]
[Site "Reykjavik City Hall"]
[Date "2010.03.02"]
[Round "8.28"]
[White "Olsen, Heini"]
[Black "Olafsson, Thorvardur"]
[Result "1/2-1/2"]
[WhiteElo "2355"]
[BlackElo "2217"]
[PlyCount "37"]
[EventDate "2010.02.24"]

1. d4 Nf6 2. Nf3 g6 3. Bg5 Bg7 4. Nbd2 O-O 5. c3 d6 6. e4 c5 7. dxc5 dxc5 8.
Bc4 Nfd7 9. O-O Nc6 10. Qc2 Nde5 11. Nxe5 Nxe5 12. Be2 Qc7 13. Nc4 Ng4 14. f4
Be6 15. Bxg4 Bxc4 16. Rfd1 Rad8 17. b3 Bb5 18. e5 Bc6 19. Bh4 1/2-1/2

[Event "Reykjavik Open 2010"]
[Site "Reykjavik City Hall"]
[Date "2010.03.02"]
[Round "8.29"]
[White "Vaarala, Eric"]
[Black "Zaremba, Andrie"]
[Result "1-0"]
[WhiteElo "2032"]
[BlackElo "2360"]
[PlyCount "69"]
[EventDate "2010.02.24"]

1. e4 c5 2. Nf3 d6 3. d4 cxd4 4. Nxd4 Nf6 5. Nc3 g6 6. Be3 Bg7 7. f3 O-O 8. Qd2
Nc6 9. Bc4 Bd7 10. Bb3 Ne5 11. O-O-O Rc8 12. Kb1 Nc4 13. Bxc4 Rxc4 14. Nd5 Nxd5
15. exd5 b5 16. h4 Qa8 17. b3 Rc7 18. Bh6 Qxd5 19. Bxg7 Kxg7 20. h5 g5 21. Rhe1
Re8 22. c4 Qc5 23. b4 Qb6 24. Qxg5+ Kf8 25. h6 e5 26. c5 dxc5 27. Qg7+ Ke7 28.
Qxe5+ Kd8 29. Qg5+ Kc8 30. Rxe8+ Bxe8 31. Nf5 Rd7 32. Re1 Rd8 33. bxc5 Qa5 34.
Nd6+ Kb8 35. Qxd8+ 1-0

[Event "Reykjavik Open 2010"]
[Site "Reykjavik City Hall"]
[Date "2010.03.02"]
[Round "8.31"]
[White "Steil-Antoni, Fiona"]
[Black "Yurenok, Maria S"]
[Result "1-0"]
[WhiteElo "2198"]
[BlackElo "1974"]
[PlyCount "93"]
[EventDate "2010.02.24"]

1. e4 c5 2. c3 d5 3. exd5 Qxd5 4. d4 Nf6 5. Nf3 Bg4 6. dxc5 Qxd1+ 7. Kxd1 Nbd7
8. b4 Ne5 9. Be2 Nxf3 10. Bxf3 Bxf3+ 11. gxf3 g6 12. Be3 Bg7 13. Bd4 O-O 14.
Nd2 Nd5 15. Bxg7 Kxg7 16. Kc2 Rfc8 17. Rhd1 b6 18. Nb3 e6 19. a3 Rc7 20. c4 Nf6
21. Rd6 bxc5 22. Nxc5 a5 23. Rb1 axb4 24. axb4 Ra2+ 25. Rb2 Ra3 26. Rd3 Ra1 27.
Kc3 Rh1 28. Kb3 Rxh2 29. Na6 Ra7 30. b5 Rh1 31. c5 Nd5 32. Rxd5 exd5 33. c6 Rc1
34. Rc2 Rb1+ 35. Ka4 Ra8 36. c7 Rc8 37. Ka5 h5 38. b6 h4 39. f4 h3 40. f3 d4
41. Nb4 d3 42. Rd2 Ra8+ 43. Kb5 Re8 44. b7 Re2 45. c8=Q h2 46. Qc3+ f6 47. Qc7+
1-0

[Event "Reykjavik Open 2010"]
[Site "Reykjavik City Hall"]
[Date "2010.03.02"]
[Round "8.33"]
[White "Hjartarson, Bjarni"]
[Black "Bergsson, Stefan"]
[Result "1-0"]
[WhiteElo "2162"]
[BlackElo "2079"]
[PlyCount "87"]
[EventDate "2010.02.24"]

1. e4 c5 2. Nf3 d6 3. d4 cxd4 4. Nxd4 Nf6 5. Nc3 g6 6. Be3 Bg7 7. Be2 Nc6 8.
O-O O-O 9. Nb3 Na5 10. f4 Bd7 11. e5 Ne8 12. Nxa5 Qxa5 13. Bf3 Bc6 14. Bxc6
bxc6 15. Qf3 Qc7 16. Nb5 Qb7 17. Nd4 d5 18. b4 a5 19. a3 Nc7 20. c4 f6 21. exf6
Bxf6 22. Rab1 e5 23. fxe5 Bxe5 24. Qg4 Rxf1+ 25. Rxf1 Bg7 26. Qd7 Qc8 27. Qxc8+
Rxc8 28. Nxc6 Re8 29. Bb6 Na8 30. Bxa5 dxc4 31. Rc1 c3 32. b5 Re3 33. Kf2 Rd3
34. Rc2 Kf7 35. a4 Ke6 36. Ke2 Rd7 37. Bxc3 Bxc3 38. Rxc3 Nb6 39. Re3+ Kf5 40.
a5 Nd5 41. Rb3 Nf4+ 42. Kf3 h5 43. h4 Rd1 44. Ne7+ 1-0

[Event "Reykjavik Open 2010"]
[Site "Reykjavik City Hall"]
[Date "2010.03.02"]
[Round "8.34"]
[White "Scholzen, Wolfgang"]
[Black "Bjornsson, Tomas"]
[Result "1/2-1/2"]
[WhiteElo "2040"]
[BlackElo "2155"]
[PlyCount "43"]
[EventDate "2010.02.24"]

1. e4 c5 2. Nf3 d6 3. d4 cxd4 4. Nxd4 Nf6 5. Nc3 Nc6 6. Nxc6 bxc6 7. Be2 e5 8.
Bg5 Be7 9. O-O h6 10. Bh4 O-O 11. Kh1 Be6 12. Bg3 Qb6 13. Rb1 Rad8 14. f4 exf4
15. Bxf4 Nd7 16. Qd3 Ne5 17. Qg3 Ng6 18. Be3 Qa5 19. Qf2 Rd7 20. Bd3 Bg5 21.
Qd2 Qe5 22. Bxg5 1/2-1/2

[Event "Reykjavik Open 2010"]
[Site "Reykjavik City Hall"]
[Date "2010.03.02"]
[Round "8.35"]
[White "Ragnarsson, Johann"]
[Black "Johnsen, Sylvia"]
[Result "1-0"]
[WhiteElo "2140"]
[BlackElo "2032"]
[PlyCount "61"]
[EventDate "2010.02.24"]

1. d4 g6 2. c4 Nf6 3. Nc3 Bg7 4. e4 d6 5. f3 O-O 6. Bg5 c6 7. Qd2 Nbd7 8. Nh3
e5 9. d5 c5 10. Be2 a6 11. Nf2 Qe8 12. g4 h5 13. Bh6 Kh7 14. Bxg7 Kxg7 15. h4
Rh8 16. O-O-O Nf8 17. Rdg1 Bd7 18. Ncd1 hxg4 19. fxg4 Rb8 20. Ne3 b5 21. h5
bxc4 22. Nf5+ Bxf5 23. gxf5 Qb5 24. hxg6 Rxh1 25. Rxh1 fxg6 26. Qh6+ Kf7 27.
Nd1 Nxe4 28. fxg6+ Nxg6 29. Bh5 Rg8 30. Qh7+ Rg7 31. Bxg6+ 1-0

[Event "Reykjavik Open 2010"]
[Site "Reykjavik City Hall"]
[Date "2010.03.02"]
[Round "8.36"]
[White "Christensen, Esben"]
[Black "Andersson, Christin"]
[Result "0-1"]
[WhiteElo "2008"]
[BlackElo "2135"]
[PlyCount "82"]
[EventDate "2010.02.24"]

1. e4 e6 2. d4 d5 3. Nd2 Nf6 4. e5 Nfd7 5. Bd3 c5 6. c3 Nc6 7. Ne2 f6 8. Nf4
Qe7 9. Qh5+ Qf7 10. Bg6 hxg6 11. Qxh8 cxd4 12. exf6 gxf6 13. Qh3 Nc5 14. Nd3 e5
15. Qg3 Bf5 16. Nxc5 Bxc5 17. Nb3 Bb6 18. O-O O-O-O 19. Bd2 dxc3 20. bxc3 Rh8
21. Be3 Bc7 22. f4 Qd7 23. Rad1 Na5 24. Nxa5 exf4 25. Bxf4 Bxa5 26. Rfe1 g5 27.
Bd6 Be4 28. h3 Bb6+ 29. Kh2 Qe6 30. Bb8 f5 31. Qe5 Re8 32. Qd6 Qxd6+ 33. Bxd6
Re6 34. Bf8 Bc7+ 35. Kg1 Be5 36. Rc1 Rc6 37. Be7 Bf4 38. Rcd1 Rxc3 39. Bf6 Rc2
40. g4 fxg4 41. hxg4 Bh2+ 0-1

[Event "Reykjavik Open 2010"]
[Site "Reykjavik City Hall"]
[Date "2010.03.02"]
[Round "8.38"]
[White "De Andres Gonalons, Fernando"]
[Black "Benediktsson, Frimann"]
[Result "1-0"]
[WhiteElo "2124"]
[BlackElo "1930"]
[PlyCount "63"]
[EventDate "2010.02.24"]

1. d4 Nf6 2. c4 g6 3. g3 Bg7 4. Bg2 O-O 5. Nf3 d6 6. O-O Nc6 7. Nc3 a6 8. Bg5
h6 9. d5 Na5 10. Bxf6 Bxf6 11. Qd3 c5 12. Rab1 b5 13. b3 bxc4 14. bxc4 Bd7 15.
Ne4 Bg7 16. Ned2 Qc7 17. Rfe1 Rab8 18. Qa3 e6 19. Bh3 f5 20. Nh4 g5 21. dxe6
Rxb1 22. Rxb1 Bxe6 23. Ng6 Rf7 24. e4 g4 25. Bg2 Nxc4 26. Nxc4 Bxc4 27. exf5 d5
28. Qe3 d4 29. Qe8+ Kh7 30. Rb8 Rf6 31. Rb7 Qa5 32. Qh8# 1-0

[Event "Reykjavik Open 2010"]
[Site "Reykjavik City Hall"]
[Date "2010.03.02"]
[Round "8.39"]
[White "Kleinert, Juergen"]
[Black "Thorsteinsson, Erlingur"]
[Result "0-1"]
[WhiteElo "2004"]
[BlackElo "2123"]
[PlyCount "48"]
[EventDate "2010.02.24"]

1. e4 e5 2. Nc3 Bc5 3. Bc4 Nf6 4. d3 d6 5. h3 Be6 6. Bxe6 fxe6 7. Nf3 O-O 8.
Na4 Bb6 9. Nxb6 axb6 10. c3 Nbd7 11. b4 Qe8 12. g4 d5 13. Qe2 Qg6 14. Nh4 Qf7
15. Rg1 dxe4 16. d4 Nd5 17. g5 Nxc3 18. g6 hxg6 19. Qc2 exd4 20. Nxg6 Qf3 21.
Nxf8 Rxf8 22. Bb2 Ne5 23. Rf1 Nd3+ 24. Kd2 Qxf2+ 0-1

[Event "Reykjavik Open 2010"]
[Site "Reykjavik City Hall"]
[Date "2010.03.02"]
[Round "8.40"]
[White "Ingvason, Johann"]
[Black "Fridthjofsdottir, Sigurl  Regin"]
[Result "1-0"]
[WhiteElo "2132"]
[BlackElo "1809"]
[PlyCount "87"]
[EventDate "2010.02.24"]

1. e4 e6 2. d4 d5 3. Nc3 Nf6 4. Bg5 Be7 5. e5 Nfd7 6. h4 a6 7. Qg4 Bxg5 8. hxg5
Nf8 9. Bd3 g6 10. Nf3 Nc6 11. a3 Bd7 12. Na4 Qe7 13. Nc5 O-O-O 14. b4 Be8 15.
c3 Kb8 16. Nd2 Nd7 17. f4 Nxc5 18. dxc5 Na7 19. a4 a5 20. Nb3 axb4 21. cxb4 Nc6
22. b5 Nb4 23. Qe2 d4 24. a5 Nd5 25. a6 b6 26. a7+ Ka8 27. cxb6 Qb4+ 28. Nd2
cxb6 29. O-O Bd7 30. Ne4 Rc8 31. Rfb1 Qe7 32. Qf3 h6 33. Nf6 Rc7 34. Nxd5 exd5
35. Qxd5+ Rb7 36. Be4 Bf5 37. Qxb7+ Qxb7 38. Bxb7+ Kxb7 39. a8=Q+ Rxa8 40. Rxa8
Kxa8 41. Ra1+ Kb7 42. gxh6 g5 43. fxg5 Bg6 44. Rf1 1-0

[Event "Reykjavik Open 2010"]
[Site "Reykjavik City Hall"]
[Date "2010.03.02"]
[Round "8.41"]
[White "Bick, John D"]
[Black "Sigurdsson, Sverrir"]
[Result "1-0"]
[WhiteElo "2248"]
[BlackElo "2016"]
[PlyCount "55"]
[EventDate "2010.02.24"]

1. d4 Nf6 2. c4 e6 3. Nc3 d5 4. cxd5 exd5 5. Bg5 Be7 6. e3 O-O 7. Bd3 Nbd7 8.
Qc2 c6 9. Nf3 Re8 10. O-O Ne4 11. Bxe4 Bxg5 12. Bxh7+ Kh8 13. Bd3 Nf8 14. Ne5
Qe7 15. Rae1 Bf6 16. f4 Bxe5 17. fxe5 Be6 18. Qf2 c5 19. a3 a6 20. Ne2 Rac8 21.
Nf4 c4 22. Bc2 c3 23. b4 Rc7 24. Qg3 a5 25. Nh5 g6 26. Nf6 Ra8 27. Rf4 Kg7 28.
Rh4 1-0

[Event "Reykjavik Open 2010"]
[Site "Reykjavik City Hall"]
[Date "2010.03.02"]
[Round "8.42"]
[White "Halldorsson, Jon Arni"]
[Black "Brynjarsson, Helgi"]
[Result "1/2-1/2"]
[WhiteElo "2189"]
[BlackElo "1964"]
[PlyCount "37"]
[EventDate "2010.02.24"]

1. d4 d5 2. c4 e6 3. Nf3 Nf6 4. Bg5 c6 5. e3 Be7 6. Nc3 Nbd7 7. Qc2 O-O 8. Rd1
Re8 9. a3 dxc4 10. Bxc4 Nd5 11. Bxe7 Qxe7 12. O-O N5b6 13. Bd3 h6 14. a4 Nd5
15. Bc4 Nb4 16. Qb3 b6 17. Na2 Nxa2 18. Qxa2 Bb7 19. Be2 1/2-1/2

[Event "Reykjavik Open 2010"]
[Site "Reykjavik City Hall"]
[Date "2010.03.02"]
[Round "8.46"]
[White "Brynjarsson, Eirikur Orn"]
[Black "Botheim, Tor"]
[Result "0-1"]
[WhiteElo "1653"]
[BlackElo "1944"]
[PlyCount "58"]
[EventDate "2010.02.24"]

1. e4 e5 2. Nf3 Nc6 3. Bb5 a6 4. Ba4 Nf6 5. O-O Be7 6. d3 b5 7. Bb3 d6 8. Ng5
O-O 9. f4 Nd4 10. f5 Nxb3 11. axb3 d5 12. exd5 Nxd5 13. Ne4 Bb7 14. Rf3 Nf6 15.
Nxf6+ Bxf6 16. Rh3 Qd5 17. Rg3 Bh4 18. Rg4 h5 19. Re4 Qc5+ 20. d4 exd4 21. Rxh4
d3+ 22. Kh1 Qf2 23. Qg1 Qxh4 24. cxd3 Rfe8 25. Bd2 Re2 26. Nc3 Rxd2 27. Ne4
Bxe4 28. dxe4 Qxe4 29. Rc1 Rad8 0-1

[Event "Reykjavik Open 2010"]
[Site "Reykjavik City Hall"]
[Date "2010.03.02"]
[Round "8.48"]
[White "Andrason, Pall"]
[Black "Palsson, Svanberg Mar"]
[Result "1/2-1/2"]
[WhiteElo "1587"]
[BlackElo "1769"]
[PlyCount "76"]
[EventDate "2010.02.24"]

1. a3 g6 2. d4 Bg7 3. e4 d6 4. Be3 Nf6 5. Nd2 Ng4 6. Ngf3 Nxe3 7. fxe3 O-O 8.
Bd3 c5 9. c3 a6 10. O-O Nc6 11. b4 b5 12. Rc1 Bb7 13. d5 Ne5 14. Nxe5 Bxe5 15.
Nf3 Bg7 16. c4 Bb2 17. Rb1 Bxa3 18. Ng5 bxc4 19. Bxc4 h6 20. bxc5 Bxc5 21. Nxf7
Rxf7 22. Rxf7 Kxf7 23. Qf3+ Ke8 24. Rxb7 Qc8 25. Rb1 Bxe3+ 26. Qxe3 Qxc4 27.
Rc1 Qb4 28. Qxh6 Qxe4 29. Qh8+ Kd7 30. Qh3+ Qf5 31. Qb3 Ke8 32. Qa4+ Qd7 33.
Qh4 Qf5 34. Qh8+ Qf8 35. Qc3 Rd8 36. Qc6+ Rd7 37. Rb1 Qf5 38. Rf1 Qd3 1/2-1/2

[Event "Reykjavik Open 2010"]
[Site "Reykjavik City Hall"]
[Date "2010.03.02"]
[Round "8.49"]
[White "Kjartansson, Dagur"]
[Black "Antonsson, Atli"]
[Result "0-1"]
[WhiteElo "1485"]
[BlackElo "1716"]
[PlyCount "88"]
[EventDate "2010.02.24"]

1. c4 e6 2. Nc3 f5 3. d4 c6 4. Nf3 d5 5. cxd5 exd5 6. Bf4 Nf6 7. g3 Be7 8. Bg2
O-O 9. O-O Ne4 10. Nd2 g5 11. Bxb8 Rxb8 12. f3 Nxc3 13. bxc3 f4 14. g4 Bf6 15.
Nb3 Qe7 16. Qd3 Re8 17. Rfe1 Qe3+ 18. Kf1 b6 19. c4 Ba6 20. Qxe3 Rxe3 21. cxd5
cxd5 22. Kf2 Bc4 23. Bf1 a5 24. Rab1 a4 25. Nc1 Bxd4 26. Kg2 Rbe8 27. Rd1 Bc5
28. h4 h6 29. hxg5 hxg5 30. Rb2 b5 31. Nd3 Ba3 32. Rc2 b4 33. Kf2 b3 34. Rc3
Bf8 35. axb3 axb3 36. Rdc1 Bg7 37. Rxc4 dxc4 38. Rxc4 Rb8 39. Rc1 b2 40. Nxb2
Bxb2 41. Rc5 Re5 42. Rc4 Ba3 43. Rc3 Bc5+ 44. Kg2 Be3 0-1

[Event "Reykjavik Open 2010"]
[Site "Reykjavik City Hall"]
[Date "2010.03.02"]
[Round "8.50"]
[White "Sigurdsson, Birkir Karl"]
[Black "Leifsson, Thorsteinn"]
[Result "1/2-1/2"]
[WhiteElo "1446"]
[BlackElo "1821"]
[PlyCount "39"]
[EventDate "2010.02.24"]

1. e4 c5 2. Nf3 d6 3. c3 Nf6 4. Qc2 Nc6 5. d4 cxd4 6. cxd4 e6 7. Bg5 Be7 8. Bb5
Bd7 9. Nc3 O-O 10. O-O Rc8 11. Qe2 a6 12. Ba4 h6 13. Bh4 Re8 14. a3 Nh5 15.
Bxe7 Qxe7 16. Bc2 b5 17. Rad1 Na5 18. e5 d5 19. Bd3 g6 20. Qe3 1/2-1/2

[Event "Reykjavik Open 2010"]
[Site "Reykjavik City Hall"]
[Date "2010.03.02"]
[Round "8.51"]
[White "Sverrisson, Nokkvi"]
[Black "Helgadottir, Sigridur Bjorg"]
[Result "1/2-1/2"]
[WhiteElo "1784"]
[BlackElo "1725"]
[PlyCount "57"]
[EventDate "2010.02.24"]

1. e4 c5 2. Nf3 d6 3. d4 cxd4 4. Nxd4 Nf6 5. Nc3 a6 6. Bg5 e6 7. f4 Be7 8. Qf3
Qc7 9. O-O-O Nbd7 10. g4 b5 11. Bxf6 Nxf6 12. g5 Nd7 13. f5 Bxg5+ 14. Kb1 Ne5
15. Qh5 Qd8 16. fxe6 g6 17. exf7+ Kxf7 18. Qe2 Kg7 19. Bg2 Rf8 20. h3 Ra7 21.
b3 Raf7 22. Rhf1 Kh8 23. Nd5 Bh6 24. Rxf7 Rxf7 25. Rf1 Qg5 26. a3 Qh4 27. Rxf7
Nxf7 28. Qf1 Ne5 29. Nf6 1/2-1/2

[Event "Reykjavik Open 2010"]
[Site "Reykjavik City Hall"]
[Date "2010.03.02"]
[Round "8.52"]
[White "Finnbogadottir, Tinna Kristin"]
[Black "Lee, Gudmundur Kristinn"]
[Result "0-1"]
[WhiteElo "1750"]
[BlackElo "1534"]
[PlyCount "138"]
[EventDate "2010.02.24"]

1. e4 c5 2. c3 e6 3. d4 cxd4 4. cxd4 Nf6 5. e5 Nd5 6. Nf3 Bb4+ 7. Bd2 Bxd2+ 8.
Nbxd2 Nc6 9. Nc4 O-O 10. Nd6 f6 11. Bd3 fxe5 12. dxe5 Qb6 13. O-O Nxe5 14.
Bxh7+ Kxh7 15. Nxc8 Nxf3+ 16. Qxf3 Raxc8 17. Qh5+ Kg8 18. Rad1 Rf5 19. Qg6 Rcf8
20. Rd2 Qe3 21. Qg3 Qg5 22. Qxg5 Rxg5 23. Rc1 Re5 24. f3 Rf4 25. Kf2 Rb4 26. g3
a5 27. a3 Rb3 28. Rc8+ Kf7 29. Ra8 b6 30. Rd8 Ke7 31. Rg8 g5 32. Rg7+ Kd6 33.
Rf7 Rf5 34. Rxf5 exf5 35. h4 gxh4 36. gxh4 Ke6 37. Kg3 Re3 38. h5 Re1 39. Rh2
Rg1+ 40. Kh4 Rg7 41. h6 Rh7 42. Kg5 Ne7 43. b3 Kf7 44. Rd2 d5 45. Rc2 Ke6 46.
Re2+ Kd6 47. Rh2 d4 48. Kf4 Kd5 49. Rh1 b5 50. Rh2 a4 51. bxa4 bxa4 52. Rh1 Kc4
53. Rh2 Kb3 54. Ke5 d3 55. Kd4 Kxa3 56. Kxd3 Kb3 57. Re2 a3 58. Re6 Nd5 59. Kd4
Nb4 60. Re3+ Kb2 61. Kc4 a2 62. Kxb4 Rb7+ 63. Kc4 a1=Q 64. Re2+ Ka3 65. Re3+
Ka4 66. Re8 Qc1+ 67. Kd5 Qxh6 68. Re1 Rd7+ 69. Kc5 Qd6+ 0-1

[Event "Reykjavik Open 2010"]
[Site "Reykjavik City Hall"]
[Date "2010.03.03"]
[Round "9.4"]
[White "Kuzubov, Yuriy"]
[Black "Kveinys, Aloyzas"]
[Result "1-0"]
[WhiteElo "2634"]
[BlackElo "2536"]
[PlyCount "79"]
[EventDate "2010.02.24"]

1. Nf3 Nf6 2. g3 d5 3. Bg2 c6 4. O-O Bg4 5. d4 Nbd7 6. Nbd2 e6 7. Re1 Be7 8. e4
O-O 9. c3 Bh5 10. e5 Ne8 11. Nb3 c5 12. Be3 c4 13. Nc1 b5 14. Qd2 a5 15. Ne2
Nc7 16. Nf4 Bg6 17. Nxg6 fxg6 18. h4 Nb6 19. Ng5 Qd7 20. Bf1 b4 21. Be2 Na4 22.
Qc2 Rab8 23. Reb1 Rb7 24. Bd1 Nb6 25. Kg2 Rfb8 26. h5 Bxg5 27. Bxg5 Qf7 28.
hxg6 hxg6 29. Qd2 Nd7 30. Bc2 Nf8 31. Rh1 bxc3 32. bxc3 Rb2 33. Rh4 Rxc2 34.
Qxc2 Qf5 35. Qxf5 gxf5 36. Rhh1 Nb5 37. Rab1 Nd7 38. Bd2 Rb6 39. a4 Nc7 40. Bg5
1-0

[Event "Reykjavik Open 2010"]
[Site "Reykjavik City Hall"]
[Date "2010.03.03"]
[Round "9.5"]
[White "Baklan, Vladimir"]
[Black "Grandelius, Nils"]
[Result "1-0"]
[WhiteElo "2654"]
[BlackElo "2515"]
[PlyCount "69"]
[EventDate "2010.02.24"]

1. e4 e5 2. Nf3 Nc6 3. Bb5 Nf6 4. O-O Nxe4 5. Re1 Nd6 6. Nxe5 Be7 7. Bf1 Nf5 8.
Nf3 O-O 9. d4 d5 10. g3 Bd6 11. Nc3 Nfe7 12. Nb5 Bf5 13. Nxd6 Qxd6 14. Nh4 Be6
15. c3 Qd7 16. Bg2 Ng6 17. Nxg6 hxg6 18. Bf4 Rfe8 19. h4 Re7 20. Qa4 Rae8 21.
Qb5 b6 22. Re3 Nd8 23. Qxd7 Rxd7 24. Rae1 c5 25. Bf1 c4 26. b3 b5 27. bxc4 bxc4
28. Bg2 Ree7 29. R3e2 Kf8 30. Bc1 Kg8 31. Ba3 Re8 32. Re5 Nc6 33. Rxd5 Bxd5 34.
Rxe8+ Kh7 35. Rc8 1-0

[Event "Reykjavik Open 2010"]
[Site "Reykjavik City Hall"]
[Date "2010.03.03"]
[Round "9.7"]
[White "Cori, Jorge"]
[Black "Nataf, Igor-Alexandre"]
[Result "1-0"]
[WhiteElo "2483"]
[BlackElo "2534"]
[PlyCount "47"]
[EventDate "2010.02.24"]

1. e4 e5 2. Nf3 Nc6 3. Bc4 Bc5 4. O-O Nf6 5. d3 d6 6. c3 a6 7. a4 Ba7 8. Nbd2
O-O 9. Re1 Ng4 10. Re2 Kh8 11. h3 Nh6 12. Nf1 f5 13. Bg5 Ne7 14. d4 fxe4 15.
Rxe4 c6 16. Nxe5 dxe5 17. Rxe5 Nhf5 18. Qe2 Nxd4 19. cxd4 Bxd4 20. Rd1 Qb6 21.
Rxe7 Rxf2 22. Be3 Bxe3 23. Qxe3 Qxe3 24. Nxe3 1-0

[Event "Reykjavik Open 2010"]
[Site "Reykjavik City Hall"]
[Date "2010.03.03"]
[Round "9.8"]
[White "Harika, Dronavalli"]
[Black "Miezis, Normunds"]
[Result "1/2-1/2"]
[WhiteElo "2471"]
[BlackElo "2533"]
[PlyCount "52"]
[EventDate "2010.02.24"]

1. Nf3 c5 2. c4 Nf6 3. Nc3 Nc6 4. g3 e5 5. Bg2 d6 6. d3 h6 7. O-O Be7 8. Ne1
O-O 9. Nc2 Nd4 10. Rb1 Rb8 11. a4 a6 12. Bd2 Bd7 13. b4 Nxc2 14. Qxc2 cxb4 15.
Rxb4 d5 16. Rb2 dxc4 17. Rxb7 Rxb7 18. Bxb7 Bh3 19. Rb1 Bc5 20. Ne4 Nxe4 21.
Bxe4 Be6 22. dxc4 f5 23. Bd5 Bxd5 24. cxd5 Qxd5 25. Qb3 Rd8 26. Bc3 Qxb3
1/2-1/2